INFORME FINAL DEL EJERCICIO PROFESIONAL SUPERVISADO REALIZADO EN DESARROLLO PECUARIO DE LA FINCA CAROLINA CHISEC, ALTA VERAPAZ (Registro nro. 2245)
[ vista simple ]
| 000 -LEADER | |
|---|---|
| campo de control de longitud fija | 02622nam a22003257a 4500 |
| 001 - NÚMERO DE CONTROL | |
| campo de control | TZ 0029 |
| 003 - IDENTIFICADOR DE NÚMERO DE CONTROL | |
| campo de control | gtcocun |
| 005 - FECHA Y HORA DE LA ÚLTIMA TRANSACCIÓN | |
| campo de control | 20251006182756.0 |
| 006 - CÓDIGOS DE INFORMACIÓN DE LONGITUD FIJA--CARACTERÍSTICAS DEL MATERIAL ADICIONAL | |
| campo de control de longitud fija | a||||gr|||| 00| 0 |
| 007 - CAMPO FIJO DE DESCRIPCIÓN FÍSICA--INFORMACIÓN GENERAL | |
| campo de control de longitud fija | ta |
| 008 - DATOS DE LONGITUD FIJA--INFORMACIÓN GENERAL | |
| campo de control de longitud fija | 251006b2006 gt ||||| m||| 00| 0 eng d |
| 040 ## - FUENTE DE CATALOGACIÓN | |
| Centro catalogador/agencia de origen | gtcocun |
| Lengua de catalogación | SPA |
| Centro/agencia transcriptor | gtcocun |
| Normas de descripción | RDA |
| 041 ## - CÓDIGO DE IDIOMA | |
| Código de lengua del texto/banda sonora o título independiente | SPA TZ 0029 |
| 084 ## - OTRO NÚMERO DE CLASIFICACIÓN | |
| Número de control del registro de autoridad o número normalizado | TZ 0029 |
| 100 ## - ENTRADA PRINCIPAL--NOMBRE DE PERSONA | |
| Nombre de persona | Alvarado, Juan José |
| Término indicativo de función/relación | Autor |
| 245 ## - MENCIÓN DEL TÍTULO | |
| Título | INFORME FINAL DEL EJERCICIO PROFESIONAL SUPERVISADO REALIZADO EN DESARROLLO PECUARIO DE LA FINCA CAROLINA CHISEC, ALTA VERAPAZ |
| Mención de responsabilidad, etc. | Juan José Alvarado. |
| Medio | Impreso |
| 264 ## - PRODUCCIÓN, PUBLICACIÓN, DISTRIBUCIÓN, FABRICACIÓN Y COPYRIGHT | |
| Producción, publicación, distribución, fabricación y copyright | Cobán, Alta Verapaz: |
| Nombre del de productor, editor, distribuidor, fabricante | Universidad de San Carlos de Guatemala, Centro Universitario del Norte, Zootecnia. |
| Fecha de producción, publicación, distribución, fabricación o copyright | 2006 |
| 300 ## - DESCRIPCIÓN FÍSICA | |
| Extensión | 55 p.: |
| Otras características físicas | Ilustraciones, gráficas. |
| Dimensiones | 28 cm; |
| 336 ## - TIPO DE CONTENIDO | |
| Fuente | rdacontenido |
| Término de tipo de contenido | Texto |
| Código de tipo de contenido | txt |
| 337 ## - TIPO DE MEDIO | |
| Fuente | rdamedio |
| Nombre/término del tipo de medio | Computadora |
| Código del tipo de medio | n |
| 338 ## - TIPO DE SOPORTE | |
| Fuente | rdasoporte |
| Nombre/término del tipo de soporte | Código en línea |
| Código del tipo de soporte | cr |
| 502 ## - NOTA DE TESIS | |
| identificador de la tesis | TZ 0029 |
| 502 ## - NOTA DE TESIS | |
| Nota de tesis | Tesis de grado |
| Tipo de título | Zootecnia, |
| Nombre de la institución que otorga el título | Universidad de San Carlos de Guatemala, Centro Universitario del Norte, Zootecnia |
| Año de obtención del título | 2006 |
| Identificador de la tesis | TZ 0029 |
| 520 14 - RESUMEN, ETC. | |
| Sumario, etc. | Haciendo uso de los recursos encontrados en la Unidad de Práctica y los problemas que<br/>la afectan, se desarrollaron actividades con el fin de coadyuvar en el desarrollo pecuario<br/>de dicha finca; entre las ejecutadas durante el Ejercicio Profesional Supervisado (EPS) se<br/>pueden mencionar: Planes profilácticos para bovinos, cerdos y aves, planes de manejo,<br/>construcción de mangas de manejo para ganado bovino y control de malezas.<br/><br/>Con el propósito de contribuir con la educación del alumnado de la Escuela de<br/>Formación de Facilitadores Agropecuarios de Carolina (EFFAC), se impartió docencia<br/>directa cinco días al mes, durante la fase del EPS, según la programación de los profesores<br/>de dicha escuela; los principales temas impartidos fueron sobre: producción avícola,<br/>porcina y bovina.<br/><br/>Durante el Ejercicio Profesional Supervisado se seleccionaron comunidades vecinas a<br/>la unidad de práctica, en donde las explotaciones pecuarias que existen son de tipo familiar. En vista de ello, el trabajo se enfocó hacia la capacitación de las personas en temas como: Sanidad, construcción de instalaciones y equipo, manejo de pollos de engorde y gallinas ponedoras. |
| 650 14 - PUNTO DE ACCESO ADICIONAL DE MATERIA--TÉRMINO DE MATERIA | |
| Fuente del encabezamiento o término | LEMB |
| Término de materia o nombre geográfico como elemento de entrada | Chisec, Alta Verapaz. |
| Subdivisión general | Zootecnia |
| -- | Profiláctico |
| -- | Bovinos |
| -- | Agropecuarios |
| -- | Avícola |
| -- | Gallinas ponedoras |
| 700 ## - ENTRADA AGREGADA--NOMBRE PERSONAL | |
| Nombre de persona | Lic. Zoot. Mauricio Quiroa Roldán |
| Término indicativo de función/relación | Asesor |
| 856 ## - LOCALIZACIÓN Y ACCESO ELECTRÓNICOS | |
| Identificador Uniforme de Recurso | <a href="https://drive.google.com/file/d/1PqUQT98wEojt1FLi1A4lDzueXzKlZ56j/view">https://drive.google.com/file/d/1PqUQT98wEojt1FLi1A4lDzueXzKlZ56j/view</a> |
| Texto de enlace | |
| Nota pública | Un ejemplar en línea. |
| 942 ## - ELEMENTOS DE ENTRADA SECUNDARIOS (KOHA) | |
| Fuente de la clasificación o esquema de estantería | Clasificación Decimal Dewey |
| Tipo de ítem Koha | TESIS |
| Parte de la signatura que identifica el ejemplar (Parte del ítem) | TZ 0029 |
| Prefijo de la signatura | Clasificación |
| Suprimir en OPAC | No |
| -- | TZ_0029_000000000000000 |
| Estatus retirado | Estado de pérdida | Fuente de la clasificación o esquema de estantería | Estado de daño | No para préstamo | Colección | Biblioteca de origen | Biblioteca actual | Ubicación en estantería | Fecha de adquisición | Número de inventario | Total de préstamos | Signatura topográfica completa | Código de barras | Visto por última vez | Precio de reemplazo | Tipo de ítem Koha |
|---|---|---|---|---|---|---|---|---|---|---|---|---|---|---|---|---|
| Clasificación Decimal Dewey | tesis | BIBLIOTECA- CUNOR -JOSÉ LUIS GONZALES ROSALES | BIBLIOTECA- CUNOR -JOSÉ LUIS GONZALES ROSALES | Colección tesis | 16/09/2025 | TZ 0029 | TZ 0029 | TZ 0029 | 16/09/2025 | 16/09/2025 | TESIS |